Sports Quiz / Dream Team Slideshow

Random Sports or Basketball Quiz

Results

Quiz not verified by Sporcle

Challenge
Share
Tweet
Score 0/12 Timer 03:00
0 Plays Today
% Correct
???
100%
???
98.4%
???
89.2%
???
87.6%
???
87.1%
???
86.6%
???
74.7%
???
70.4%
???
67.2%
???
67.2%
???
63.4%
???
61.8%
 
Number % Answered
12 (all)
61.8%
11
1.6%
10
3.8%
9
0%
8
3.2%
7
4.3%
6
11.8%
5
0.5%
4
0.5%
3
1.6%
2
9.1%
1
1.6%

You're not logged in!

Compare scores with friends on all Sporcle quizzes.
Sign Up with Email
OR
Log In

You Might Also Like...

Show Comments

Extras


Your Account Isn't Verified!

In order to create a playlist on Sporcle, you need to verify the email address you used during registration. Go to your Sporcle Settings to finish the process.